Epigenomics in health and disease /

Reviews the technologically-driven study of the oganismal epigenome and associated translational impacts on future prognosis, diagnosis and therapies of disease. With next-generation sequencing technologies shaping our current knowledge of the role of epigenetics in normal development, aging, and di...

Full description

Bibliographic Details
Corporate Author: ScienceDirect (Online service)
Other Authors: Fraga, Mario F., Fernández, Agustín F.
Format: eBook
Language:English
Published: London : Academic Press, 2015, ©2016.
Series:Translational epigenetics series.
Subjects:
Online Access:Connect to the full text of this electronic book

MARC

Tag First Indicator Second Indicator Subfields
LEADER 00000cam a2200000 a 4500
001 in00005759713
005 20260327145727.1
006 m o d
007 cr |n|||||||||
008 151016t20152016enk ob 001 0 eng d
040 |a IDEBK  |b eng  |e pn  |c IDEBK  |d N$T  |d OPELS  |d N$T  |d YDXCP  |d OCLCF  |d EBLCP  |d CDX  |d OCLCQ  |d YDX  |d OCLCQ  |d IDB  |d OCLCQ  |d MERUC  |d COO  |d ITD  |d OCLCO  |d OCLCQ  |d U3W  |d OCLCO  |d D6H  |d CHVBK  |d OCLCO  |d AU@  |d OCLCO  |d UKMGB  |d OCLCQ  |d OCLCO  |d OCLCA  |d CUY  |d ZCU  |d OCLCO  |d ICG  |d USU  |d OCLCO  |d DKC  |d OCLCO  |d OCLCQ  |d LQU  |d OCLCQ  |d OCLCA  |d OCLCQ  |d OCLCA  |d FEM  |d NLE  |d TEF  |d EZC  |d TEF  |d S2H  |d OCLCO  |d OCL  |d OCLCQ  |d OCLCO  |d UKKRT  |d OCLCL 
016 7 |a 017595343  |2 Uk 
019 |a 929530023  |a 932052201  |a 934623063  |a 957680020  |a 958083503  |a 968017582  |a 969032578  |a 1034887005  |a 1047615766  |a 1080210715  |a 1105178102  |a 1105570090 
020 |a 0128004967  |q (electronic bk.) 
020 |a 9780128004968  |q (electronic bk.) 
020 |a 0128001402 
020 |a 9780128001400 
020 |z 9780128001400 
020 |z 0128001402 
024 3 |a 9780128001400 
035 |a (OCoLC)925286798  |z (OCoLC)929530023  |z (OCoLC)932052201  |z (OCoLC)934623063  |z (OCoLC)957680020  |z (OCoLC)958083503  |z (OCoLC)968017582  |z (OCoLC)969032578  |z (OCoLC)1034887005  |z (OCoLC)1047615766  |z (OCoLC)1080210715  |z (OCoLC)1105178102  |z (OCoLC)1105570090 
037 |a 840788  |b MIL 
050 4 |a QH450 
060 4 |a QU 460 
072 7 |a SCI  |x 027000  |2 bisacsh 
082 0 4 |a 576.5  |2 23 
082 0 4 |a 572.8/65  |2 23 
049 |a TXAM 
245 0 0 |a Epigenomics in health and disease /  |c edited by Mario F. Fraga and Agustin F. Fernandez. 
260 |a London :  |b Academic Press,  |c 2015, ©2016. 
300 |a 1 online resource 
336 |a text  |b txt  |2 rdacontent 
337 |a computer  |b c  |2 rdamedia 
338 |a online resource  |b cr  |2 rdacarrier 
347 |a text file 
490 1 |a Translational epigenetics series 
500 |a Includes index. 
588 0 |a Print version record. 
504 |a Includes bibliographical references at the end of each chapters and index. 
505 0 0 |t The role of the genetic code in the DNA methylation landscape formation /  |r Holger Heyn --  |t DNA methylation microarrays /  |r Marina Bibikova --  |t Ultra-deep sequencing of bisulfite-modified DNA /  |r Tingting Qin, Yongseok Park, Maria E. Figueroa and Maureen A. Sartor --  |t Bioinformatics tools in epigenomics studies /  |r Gustavo F. Bayón, Augustín F. Fernández and Mario F. Fraga --  |t Noncoding RNA regulation of health and disease /  |r Nicolas Léveillé, Carlos A. Melo and Sonia A. Melo --  |t Genome-wide DNA methylation changes during aging /  |r Kevin C. Johnson and Brock C. Christensen --  |t The dynamics of histone modifications during aging /  |r Anthony J Bainor and Gregory David --  |t Epigenomic studies in epidemiology /  |r Valentina Bollati, Valeria Motta, Simona Iodice and Michele Carugno --  |t The DNA methylomes of cancer /  |r Renée Beekman, Marta Kulis and José Ignacio Martín-Subero --  |t Genome-wide epigenetic studies in neurologic diseases /  |r Ashwin Woodhoo --  |t Epigenetic deregulation in autoimmune disease /  |r Damiana Álvarez-Errico and Esteban Ballestar --  |t Genome-wide DNA and histone modification studies in metabolic disease /  |r Charlotte Ling and Tina Rönn --  |t Clinical applications of epigenomics /  |r Michael A. McDevitt. 
520 |a Reviews the technologically-driven study of the oganismal epigenome and associated translational impacts on future prognosis, diagnosis and therapies of disease. With next-generation sequencing technologies shaping our current knowledge of the role of epigenetics in normal development, aging, and disease, Epigenomics in Health and Disease discusses the consequences for diagnostics, prognostics, and disease-based therapies made possible by the study of the complete set of epigenetic modifications to the genetic material of human cells. Chapters also explore the latest findings of epigenome-wade research in disease-based profiling, epidemiological implications, epigenome-wide epigenetic studies, the cancer epigenome, and other pervasive disease categories. With coverage pertinent both to basic biology and translational research, Epigenomics in Health and Disease will be of particular interest for medical and bioscience researches and students seeking current translational knowledge in epigenesis and epigenomics. Key Features Critical reviews provide the means for reviewing and analyzing the epigenome as a whole as well as its translational potential Combines basic epigenomic knowledge with methodological and biostatistical topics related to technology and date analysis Includes coverage of relatively new topics including DNA methylation dynamics during development and differentiation, genome-wide histone post-translational modifications during development and differentiation, and genome-wide DNA methylation changes during aging. 
650 0 |a Epigenetics. 
650 0 |a Medical genetics. 
650 0 |a Genetic regulation. 
650 2 |a Epigenomics  |x methods 
650 2 |a Epigenesis, Genetic 
650 2 |a Gene Expression Regulation 
650 2 |a Genetics, Medical 
650 6 |a Épigénétique. 
650 6 |a Génétique médicale. 
650 6 |a Régulation génétique. 
650 7 |a SCIENCE  |x Life Sciences  |x Evolution.  |2 bisacsh 
650 7 |a Genetic regulation  |2 fast 
650 7 |a Epigenetics  |2 fast 
650 7 |a Medical genetics  |2 fast 
655 7 |a Electronic books.  |2 local 
655 2 |a Academic Dissertation 
655 7 |a dissertations.  |2 aat 
655 7 |a Academic theses  |2 fast 
655 7 |a Academic theses.  |2 lcgft 
655 7 |a Thèses et écrits académiques.  |2 rvmgf 
700 1 |a Fraga, Mario F. 
700 1 |a Fernández, Agustín F. 
710 2 |a ScienceDirect (Online service) 
776 0 8 |i Print version:  |a Fraga, Mario.  |t Epigenomics in Health and Disease.  |d : Elsevier Science, ©2015  |z 9780128001400  |w (DLC) 2015949020  |w (OCoLC)935189889 
830 0 |a Translational epigenetics series. 
856 4 0 |u http://proxy.library.tamu.edu/login?url=https://www.sciencedirect.com/science/book/9780128001400  |z Connect to the full text of this electronic book  |t 0 
936 |a BATCHLOAD 
955 |a Elsevier ScienceDirect 2026-2027 
994 |a 92  |b TXA 
999 f f |i 0dd4e258-cc6d-4f81-990f-9c2ccc9b5026  |s 20c5c612-79c3-4281-846b-74ecfbfff3e3  |t 0 
952 f f |a Texas A&M University  |b College Station  |c Electronic Resources  |s www_evans  |d Available Online  |t 0  |e QH450   |h Library of Congress classification 
998 f f |a QH450   |t 0  |l Available Online